| 000 | 00721nam a2200133Ia 4500 | ||
|---|---|---|---|
| 008 | 100328s9999 xx 000 0 und d | ||
| 082 | _b9664 | ||
| 100 | _aपारनेरकर पु.रा. | ||
| 245 | _aव्यवस्थापन मार्गदर्शिका : 7- कृषी व ग्रामीण क्षेत्र | ||
| 260 | _bकिर्लोस्कर प्रेस | ||
| 630 | _aव्यवस्थापन मार्गदर्शिका : 7- कृषी व ग्रामीण क्षेत्र | ||
| 730 | _aव्यवस्थापन मार्गदर्शिका : 7- कृषी व ग्रामीण क्षेत्र | ||
| 942 | _cBOOK | ||
| 999 |
_c505285 _d505282 |
||